| 000 | 00642 a2200205 4500 | ||
|---|---|---|---|
| 020 | _a0735617252 | ||
| 040 |
_aDLC _bDLC |
||
| 082 | 0 | 0 | _a005.2768 |
| 100 | 1 | _aWigley, Andy. | |
| 245 | 1 | 0 |
_aMicrosoft.NET Compact Framework : core reference _bcore reference _cAndy Wigley, Mark Sutton |
| 260 |
_aRedmond, Wash. : _bMicrosoft Press, _cc2003. |
||
| 300 |
_axxviii, 859 p. : _bill. ; _c24 cm. |
||
| 650 | 0 | _aMicrosoft .NET Framework. | |
| 650 | 0 |
_aApplication software _xDevelopment. |
|
| 650 | 0 | _aPocket computers. | |
| 650 | 0 | _aMobile computing. | |
| 700 | 1 | _aSutton, Mark | |
| 700 | 1 | _aWheelwright, Stephen. | |
| 942 |
_cBK _k005.2768 WIG _2ddc |
||
| 999 |
_c9839 _d9839 |
||